Visualizzazione normale
Vista MARC
- Inocencio de la Inmaculada,
di Personal Name
Records bibliografici associati: 2
001 - CONTROL NUMBER
- control field: 15318
003 - CONTROL NUMBER IDENTIFIER
- control field: IT-RoINE
005 - DATE AND TIME OF LATEST TRANSACTION
- control field: 20220708102547.0
008 - FIXED-LENGTH DATA ELEMENTS
- fixed length control field: 141205|| aca||aabn | a|a d
040 ## - CATALOGING SOURCE
- Original cataloging agency: IT-RoINE
- Transcribing agency: IT-RoINE
100 0# - HEADING--PERSONAL NAME
- Personal name: Inocencio de la Inmaculada,
- Titles and other words associated with a name: Santo,
- Dates associated with a name: 1887-1934
400 1# - SEE FROM TRACING--PERSONAL NAME
- Personal name: Canoura, Arnau,
- Titles and other words associated with a name: Santo,
- Dates associated with a name: 1887-1934
400 1# - SEE FROM TRACING--PERSONAL NAME
- Personal name: Arnau, Inocencio Canoura,
- Titles and other words associated with a name: Santo,
- Dates associated with a name: 1887-1934
670 ## - SOURCE DATA FOUND
- Source citation: Work cat.: (IT-RoINE): Canonizationis servi Dei Cyrilli Bertrán et VII sociorum ex Instituto Fratrum Scholarum Christianarum :, 1988.